000
00257nam a2200097Ia 4500
008
240331s9999 xx 000 0 und d
082
_b
KUR
100
_a
Kurien, C.T
245
0
_a
Dynamics of rural transformation :
_b
a study of Tamil Nadu 1950-19810
942
_c
L
999
_c
2734
_d
2734